[Event "GRE-chT Online Rapid op 1st"]
[Site "Tornelo INT"]
[Date "2021.02.21"]
[Round "5.19"]
[White "Andreolas, Gavriil"]
[Black "Asvestopoulos, Hristos Dominikos"]
[Result "0-1"]
[WhiteElo "1432"]
[BlackElo "1863"]
[PlyCount "30"]
[EventDate "2021.02.20"]
[EventType "team-swiss (rapid)"]
[EventRounds "9"]
[EventCountry "GRE"]
[SourceTitle "EXT 2023"]
[Source "ChessBase"]
[SourceDate "2022.10.05"]
[SourceVersion "1"]
[SourceVersionDate "2022.10.05"]
[SourceQuality "1"]

1. d4 Nf6 2. Bf4 c5 3. d5 d6 4. Nc3 g6 5. e4 Bg7 6. Be2 Qb6 7. Rb1 Nxe4 8. Nxe4 Qb4+ 9. Qd2 Qxe4 10. Nf3 Bf5 11. Kd1 Qa4 12. b3 Qxa2 13. Bb5+ Nd7 14. Ke2 Qxc2 15. Bd3 Bxd3+ 0-1

[Event "GRE-chT Online Rapid op 1st"]
[Site "Tornelo INT"]
[Date "2021.02.21"]
[Round "7.17"]
[White "Karanikas, Harilaos"]
[Black "Asvestopoulos, Hristos Dominikos"]
[Result "1-0"]
[WhiteElo "1715"]
[BlackElo "1863"]
[PlyCount "133"]
[EventDate "2021.02.20"]
[EventType "team-swiss (rapid)"]
[EventRounds "9"]
[EventCountry "GRE"]
[SourceTitle "EXT 2023"]
[Source "ChessBase"]
[SourceDate "2022.10.05"]
[SourceVersion "1"]
[SourceVersionDate "2022.10.05"]
[SourceQuality "1"]

1. e4 c5 2. Nf3 e6 3. c3 Nf6 4. e5 Nd5 5. d4 cxd4 6. cxd4 d6 7. Bc4 Be7 8. 0-0 0-0 9. Qe2 b6 10. Bxd5 exd5 11. Nc3 Ba6 12. Nb5 dxe5 13. Nxe5 f6 14. Nf3 Re8 15. Re1 Qd7 16. a4 Nc6 17. Qe6+ Qxe6 18. Rxe6 Rac8 19. Bf4 Kf7 20. Rae1 g5 21. Bxg5 fxg5 22. Rxc6 Bb4 23. Nxg5+ Kg7 24. Rxe8 Rxc6 25. h4 Rc1+ 26. Kh2 Rc2 27. f4 Rxb2 28. Ra8 Bxb5 29. axb5 Bd6 30. Rxa7+ Kg6 31. Kg3 h6 32. Nf3 Rxb5 33. Rd7 Bb8 34. Ne5+ Kf5 35. Rf7+ Ke4 36. Nc6 Bd6 37. Kg4 Rb3 38. Rf6 h5+ 39. Kxh5 Bxf4 40. g4 Rh3 41. Re6+ Kd3 42. Ne5+ Kxd4 43. Ng6 Bc7 44. g5 b5 45. Rc6 Bg3 46. Kg4 Bxh4 47. Kxh3 Bxg5 48. Kg4 Bd2 49. Kf3 Kd3 50. Ne5+ Kd4 51. Ng4 b4 52. Ke2 Bc3 53. Ne3 b3 54. Nd1 Bb4 55. Rb6 Kc5 56. Rb7 Kc4 57. Nb2+ Kc3 58. Na4+ Kc4 59. Rc7+ Kb5 60. Nb2 Ba3 61. Nd3 Bd6 62. Rd7 Kc6 63. Rd8 Ba3 64. Kd2 b2 65. Kc2 Kb5 66. Rxd5+ Kc4 67. Rd8 1-0

[Event "GRE-chT Online Rapid op 1st"]
[Site "Tornelo INT"]
[Date "2021.02.20"]
[Round "4.23"]
[White "Asvestopoulos, Hristos Dominikos"]
[Black "Kollias, Ioannis K"]
[Result "1-0"]
[WhiteElo "1863"]
[BlackElo "1721"]
[PlyCount "45"]
[EventDate "2021.02.20"]
[EventType "team-swiss (rapid)"]
[EventRounds "9"]
[EventCountry "GRE"]
[SourceTitle "EXT 2023"]
[Source "ChessBase"]
[SourceDate "2022.10.05"]
[SourceVersion "1"]
[SourceVersionDate "2022.10.05"]
[SourceQuality "1"]

1. d3 d5 2. e4 dxe4 3. dxe4 Qxd1+ 4. Kxd1 Nf6 5. f3 Nc6 6. Be3 e5 7. c3 Be6 8. Kc2 0-0-0 9. Bb5 Bd7 10. Bc4 Be6 11. Bxe6+ fxe6 12. Nh3 h6 13. Nf2 Bd6 14. Nd2 Rhf8 15. b4 g5 16. a4 b6 17. a5 Ne7 18. axb6 axb6 19. Nc4 Ng6 20. Rhd1 Kb7 21. Bxb6 cxb6 22. Nxd6+ Kc6 23. b5+ 1-0

[Event "GRE-chT 42nd"]
[Site "Porto Rio"]
[Date "2014.06.28"]
[Round "1.3"]
[White "Halkias, Stelios"]
[Black "Asvestopoulos, Hristos Dominikos"]
[Result "1-0"]
[WhiteElo "2533"]
[BlackElo "1889"]
[PlyCount "71"]
[EventDate "2014.06.28"]
[EventType "team-swiss"]
[EventRounds "7"]
[EventCountry "GRE"]
[SourceTitle "CBM 161 Extra"]
[Source "ChessBase"]
[SourceDate "2014.08.29"]
[SourceVersion "1"]
[SourceVersionDate "2014.08.29"]
[SourceQuality "1"]
[WhiteTeam "Peristeriou CP"]
[BlackTeam "Peiraikos PG"]
[WhiteTeamCountry "GRE"]
[BlackTeamCountry "GRE"]

1. Nf3 d5 2. d4 Nf6 3. c4 c6 4. Nc3 e6 5. g3 dxc4 6. Bg2 b5 7. Bg5 Qb6 8. Bxf6 gxf6 9. 0-0 Nd7 10. a4 a5 11. e3 Bb7 12. Nd2 Qa6 13. Qh5 b4 14. Nce4 c5 15. Rac1 Bd5 16. Nxc5 Bxc5 17. Bxd5 exd5 18. dxc5 Qc6 19. e4 Qxc5 20. exd5 Ne5 21. Nxc4 Qxd5 22. Nxe5 fxe5 23. Rfd1 Qe6 24. Rc6 Qxc6 25. Qxe5+ Kf8 26. Qxh8+ Ke7 27. Re1+ Kd7 28. Qd4+ Qd6 29. Qg4+ Kc7 30. Rc1+ Kb6 31. Qf5 Rd8 32. Qb5+ Ka7 33. Qxa5+ Kb7 34. h4 Rd7 35. Qb5+ Ka7 36. Rc6 1-0

[Event "Athens op 08"]
[Site "Athens"]
[Date "2012.07.31"]
[Round "2"]
[White "Koliopoulos, Konstantinos"]
[Black "Asvestopoulos, Hristos Dominikos"]
[Result "1-0"]
[WhiteElo "2243"]
[BlackElo "1883"]
[PlyCount "65"]
[EventDate "2012.07.30"]
[EventType "swiss"]
[EventRounds "7"]
[EventCountry "GRE"]
[SourceTitle "EXT 2014"]
[Source "ChessBase"]
[SourceDate "2013.11.20"]
[SourceVersion "1"]
[SourceVersionDate "2013.11.20"]
[SourceQuality "1"]

1. d4 Nf6 2. c4 c5 3. d5 e6 4. Nc3 exd5 5. cxd5 d6 6. e4 g6 7. f4 Bg7 8. Bb5+ Nfd7 9. Be2 Na6 10. Nf3 0-0 11. 0-0 Nc7 12. Nd2 a6 13. Nc4 Ne8 14. a4 Rb8 15. a5 b5 16. axb6 Nxb6 17. Na5 Qc7 18. Bf3 Bd7 19. Re1 f5 20. exf5 gxf5 21. Nc6 Bxc6 22. dxc6 Qf7 23. Rxa6 Nc7 24. Ra7 d5 25. Nb5 Nxb5 26. Rxf7 Rxf7 27. Be3 Nd4 28. b4 Nxf3+ 29. Qxf3 Re7 30. bxc5 Rbe8 31. cxb6 Rxe3 32. Rxe3 Bd4 33. Qxd5+ 1-0

[Event "Piraeus-ch 46th"]
[Site "PIraeus"]
[Date "2011.11.30"]
[Round "6.1"]
[White "Koutsogiannopoulou, Theodora"]
[Black "Asvestopoulos, Hristos Dominikos"]
[Result "1-0"]
[WhiteElo "1830"]
[BlackElo "1885"]
[PlyCount "125"]
[EventDate "2011.11.12"]
[EventType "swiss"]
[EventRounds "7"]
[EventCountry "GRE"]
[SourceTitle "EXT 2024"]
[Source "ChessBase"]
[SourceDate "2023.10.10"]
[SourceVersion "1"]
[SourceVersionDate "2023.10.10"]
[SourceQuality "1"]

1. d4 Nf6 2. c4 c5 3. d5 b5 4. a4 bxc4 5. Nc3 d6 6. e4 g6 7. Bxc4 Bg7 8. f4 0-0 9. Nf3 Nbd7 10. a5 Rb8 11. 0-0 Ne8 12. Qe2 Nc7 13. e5 Rb4 14. Re1 Rxc4 15. Qxc4 Ba6 16. Qe4 c4 17. Be3 Qb8 18. Bd4 Re8 19. Re2 Nb5 20. Nxb5 Qxb5 21. Bxa7 c3 22. Rc2 cxb2 23. Rb1 f5 24. exf6 Bxf6 25. Qe6+ Kg7 26. Ng5 Rf8 27. Rcxb2 Qd3 28. Rb3 Qc4 29. Rb4 Qd3 30. Ne4 Nc5 31. Nxc5 dxc5 32. Bxc5 Bc3 33. Qxe7+ Rf7 34. Qe4 Bxb4 35. Bd4+ Kh6 36. Qxd3 Bxd3 37. Rxb4 Kh5 38. Rb3 Bc4 39. Rh3+ Kg4 40. d6 Rxf4 41. Bf2 Rf6 42. Rh4+ Kg5 43. Rxc4 Rxd6 44. Be3+ Kf5 45. Ra4 Ra6 46. Bb6 Ke5 47. Rc4 Ra8 48. Rc7 h5 49. Rc6 g5 50. Rc3 Kf4 51. Bc7+ Kg4 52. h3+ Kh4 53. Rc4+ g4 54. Ra4 Ra6 55. Bb6 Kg3 56. Bc7+ Kh4 57. hxg4 hxg4 58. Bb6 Kg5 59. Kf2 Kh4 60. Rf4 Ra8 61. g3+ Kh5 62. Rf7 Kg6 63. Ra7 1-0

[Event "Foivitika op"]
[Site "Foivitika"]
[Date "2009.11.18"]
[Round "6"]
[White "Asvestopoulos, Hristos Dominikos"]
[Black "Korlotsidis, Spiridon"]
[Result "1/2-1/2"]
[WhiteElo "1852"]
[BlackElo "1965"]
[PlyCount "83"]
[EventDate "2009.11.21"]
[EventType "swiss"]
[EventRounds "7"]
[EventCountry "GRE"]
[SourceTitle "EXT 2024"]
[Source "ChessBase"]
[SourceDate "2023.10.10"]
[SourceVersion "1"]
[SourceVersionDate "2023.10.10"]
[SourceQuality "1"]

1. e4 c5 2. Nf3 d6 3. d4 cxd4 4. Qxd4 e5 5. Bb5+ Bd7 6. Bxd7+ Nxd7 7. Qd3 Ngf6 8. Nc3 Be7 9. Be3 0-0 10. 0-0 Re8 11. Rad1 a6 12. g3 Rc8 13. Nh4 Nc5 14. Bxc5 dxc5 15. Nf5 Qxd3 16. Rxd3 c4 17. Nxe7+ Rxe7 18. Nd5 Nxd5 19. Rxd5 Re6 20. Rfd1 g5 21. a4 Kg7 22. Rd7 Rb6 23. Re7 Rxb2 24. Rdd7 Rf8 25. Rxe5 Kg6 26. Ree7 Rxc2 27. Rxb7 g4 28. Rb6+ Kg7 29. Rxa6 c3 30. Rc6 Rc1+ 31. Kg2 c2 32. e5 Kg8 33. Rcc7 Ra1 34. Rxc2 Rxa4 35. Rcc7 Ra6 36. e6 Rxe6 37. Rxe6 fxe6 38. Rc4 h5 39. Re4 Rf6 40. Re5 Rh6 41. h3 Kf7 42. hxg4 1/2-1/2

[Event "Foivitika op"]
[Site "Foivitika"]
[Date "2009.11.11"]
[Round "4"]
[White "Asvestopoulos, Hristos Dominikos"]
[Black "Aggelopoulos, Fotios"]
[Result "0-1"]
[WhiteElo "1852"]
[BlackElo "1664"]
[PlyCount "70"]
[EventDate "2009.11.21"]
[EventType "swiss"]
[EventRounds "7"]
[EventCountry "GRE"]
[SourceTitle "EXT 2024"]
[Source "ChessBase"]
[SourceDate "2023.10.10"]
[SourceVersion "1"]
[SourceVersionDate "2023.10.10"]
[SourceQuality "1"]

1. e4 e5 2. Nf3 Nc6 3. d4 exd4 4. Nxd4 Bc5 5. Be3 Qf6 6. c3 Bb6 7. Bc4 Qg6 8. 0-0 d6 9. f4 Qxe4 10. Re1 Nge7 11. Nd2 Qg6 12. Nxc6 bxc6 13. Qe2 Bg4 14. Nf3 Qf6 15. Bxb6 axb6 16. Rad1 d5 17. Bb3 Rd8 18. c4 d4 19. Ba4 Rd7 20. Qd3 Bxf3 21. Qxf3 0-0 22. g4 Ra8 23. g5 Qd6 24. Bb3 Nf5 25. Re5 g6 26. h4 Re7 27. Qe4 Rae8 28. Re1 Rxe5 29. fxe5 Qc5 30. Kh2 Ne3 31. Re2 Qxe5+ 32. Qxe5 Rxe5 33. Kg1 Ng4 34. Rd2 c5 35. Bd1 Re1+ 0-1

[Event "Nikaia op 16th"]
[Site "Nikaia"]
[Date "2008.08.30"]
[Round "6"]
[White "Michelakos, Panagiotis"]
[Black "Asvestopoulos, Hristos Dominikos"]
[Result "1/2-1/2"]
[WhiteElo "1976"]
[BlackElo "1833"]
[PlyCount "92"]
[EventDate "2008.08.25"]
[EventType "swiss"]
[EventRounds "9"]
[EventCountry "GRE"]
[SourceTitle "CBM 126 Extra"]
[Source "ChessBase"]
[SourceDate "2008.11.05"]
[SourceVersion "1"]
[SourceVersionDate "2008.11.05"]
[SourceQuality "1"]

1. e4 c5 2. Nf3 d6 3. d4 cxd4 4. Nxd4 Nf6 5. Nc3 a6 6. Bg5 e6 7. f4 Be7 8. Qf3 h6 9. Bh4 g5 10. fxg5 Nfd7 11. Bg3 Ne5 12. Bxe5 dxe5 13. Nb3 Bxg5 14. Rd1 Qb6 15. Be2 Nc6 16. h4 Be7 17. Qf2 Qxf2+ 18. Kxf2 b5 19. g3 Bb7 20. Rd2 Rd8 21. Rhd1 0-0 22. Rxd8 Rxd8 23. Rxd8+ Bxd8 24. a3 Bb6+ 25. Kf3 f5 26. Bd3 Nd4+ 27. Nxd4 Bxd4 28. Nd1 Kf7 29. c3 Bb6 30. b3 Bc5 31. b4 Bb6 32. Nb2 Bc6 33. Bc2 a5 34. Bd3 axb4 35. axb4 Kf6 36. c4 Bd4 37. cxb5 Bxe4+ 38. Bxe4 fxe4+ 39. Kxe4 Bxb2 40. b6 Bd4 41. b7 Ba7 42. g4 Bb8 43. b5 Ke7 44. Kf3 Kf6 45. Ke4 Ke7 46. Kf3 Kf6 1/2-1/2

[Event "Peiraikos 60th Anniv op"]
[Site "Piraeus"]
[Date "2006.09.05"]
[Round "4"]
[White "Efthimiou, Georgios"]
[Black "Asvestopoulos, Hristos Dominikos"]
[Result "1-0"]
[WhiteElo "1893"]
[BlackElo "1385"]
[PlyCount "137"]
[EventDate "2006.09.02"]
[EventType "swiss"]
[EventRounds "7"]
[EventCountry "GRE"]
[SourceTitle "EXT 2008"]
[Source "ChessBase"]
[SourceDate "2007.11.25"]
[SourceVersion "1"]
[SourceVersionDate "2007.11.25"]
[SourceQuality "1"]

1. d4 Nf6 2. c4 g6 3. Nc3 Bg7 4. e4 d6 5. Nf3 0-0 6. Be2 e5 7. 0-0 Nc6 8. d5 Ne7 9. Be3 Nd7 10. Qd2 f5 11. Bh6 f4 12. Bxg7 Kxg7 13. Rac1 h6 14. Na4 Nb6 15. Nxb6 axb6 16. b4 g5 17. Rc3 g4 18. Nh4 Ng8 19. Nf5+ Bxf5 20. exf5 Rxf5 21. Bxg4 Rg5 22. Be6 Nf6 23. Qc2 Nd7 24. Bf5 Kf6 25. Bh7 Qe7 26. h4 Rg4 27. Qf5+ Kg7 28. Qxg4+ Kxh7 29. Qf5+ Kg7 30. Re1 Rf8 31. Qg4+ Kh7 32. h5 Qf7 33. Qg6+ Qxg6 34. hxg6+ Kxg6 35. g3 fxg3 36. Rxg3+ Kh7 37. f3 Nf6 38. Kh2 Nh5 39. Rh3 Nf4 40. Rg3 Nd3 41. Reg1 Rf7 42. a3 Nb2 43. Rg4 Nd3 44. Rg8 Ne1 45. R1g3 Nxf3+ 46. Kg2 e4 47. Re8 Ng5 48. a4 Rg7 49. a5 bxa5 50. bxa5 c6 51. dxc6 bxc6 52. a6 Ra7 53. Ra3 Kg6 54. Rb8 Ne6 55. Rb7 Ra8 56. a7 Kf6 57. Rb8 Nc7 58. Rxa8 Nxa8 59. Rb3 Ke6 60. Rb8 Nc7 61. Rc8 Kd7 62. Rxc7+ Kxc7 63. a8Q Kb6 64. Qe8 d5 65. cxd5 cxd5 66. Qc8 h5 67. Kf2 h4 68. Ke3 h3 69. Qxh3 1-0

[Event "Peiraikos 60th Anniv op"]
[Site "Piraeus"]
[Date "2006.09.03"]
[Round "2"]
[White "Vakalis, Angelos"]
[Black "Asvestopoulos, Hristos Dominikos"]
[Result "0-1"]
[WhiteElo "1010"]
[BlackElo "1385"]
[PlyCount "44"]
[EventDate "2006.09.02"]
[EventType "swiss"]
[EventRounds "7"]
[EventCountry "GRE"]
[SourceTitle "EXT 2008"]
[Source "ChessBase"]
[SourceDate "2007.11.25"]
[SourceVersion "1"]
[SourceVersionDate "2007.11.25"]
[SourceQuality "1"]

1. e4 e6 2. d4 d5 3. e5 c5 4. c3 Nc6 5. Be3 Qb6 6. b3 cxd4 7. cxd4 Bb4+ 8. Ke2 Nge7 9. Qd3 Nf5 10. Nd2 Ncxd4+ 11. Ke1 Nxe3 12. fxe3 Nf5 13. Ngf3 Bd7 14. g3 Rc8 15. Bg2 Rc3 16. Qe2 Rxe3 17. Qxe3 Qxe3+ 18. Kd1 Bb5 19. Re1 Qf2 20. Bh1 Nd4 21. Rc1 Be2+ 22. Rxe2 Qxe2# 0-1